000 00199 a2200097 4500
001 9239
100 _aKabir, H.
245 _aScience democracy & Islam
260 _a
_bAllen
_c
090 _c7409
_d7409
942 _aNUST-CAE
_cM
_c34055
999 _c244312
_d244312